Top 10 Songs by The Beatles - Statistics

General Stats
  • This quiz has been taken 29 times
  • The average score is 6 of 10
Answer Stats
Hint1 Answer % Correct
1 Hey Jude
83%
8 Yesterday
75%
4 Here Comes the Sun
71%
3 Come Together
67%
2 Let It Be
58%
10 Strawberry Fields Forever
54%
5 Yellow Submarine
54%
6 I Want to Hold Your Hand
50%
9 A Day in the Life
42%
7 While My Guitar Gently Weeps
29%
No matching quizzes found
Score Distribution
Percent of People with Each Score
Percentile by Number Answered
Your Score History
You have not taken this quiz